BIBLIOTHÈQUE DE LA MAISON DU MEXIQUE

Logo 1 Logo 2

Dictionnaire de la sociologie (notice nᵒ 3210)

détails MARC
000 -Sello discográfico
campo de control de longitud fija 01067nam a2200325 4500
005 - Identificación de versión
campo de control 20251016083509.0
010 ## - Número Estándar Internacional de Libros (ISBN)
Número (ISBN) 2-03-740018-7
035 ## - Otros números de control del sistema
Número de control del sistema 28259
099 ## - fechas locales
Tipo de ítem Koha LIBRO
100 ## - Datos de procesamiento general
Datos de procesamiento general 20020723d1989 m y1spay5003 ba
105 ## - Campo de datos codificados: Material textual, monográfico
Datos codificados de monografía y 001zy
200 1# - Título y mención de responsabilidad
Título propio Dictionnaire de la sociologie
Designación general del material texto impreso
Primer mención de responsabilidad Direction Raymond Boudon, Philippe Besnard, Mohamed Cherkaoui ... [et al.]
210 ## - Publicación, distribución, etc.
Lugar de publicación, distribución, etc. Paris
Nombre del editor, distribuidor, etc. Larousse
Fecha de publicación, distribución, etc. 1989
215 ## - Descripción física
Designación de material específico y extensión del ítem 237 p
Dimensiones 23 cm
320 ## - Nota de índices/bibliografías internas
Texto de la nota Bibliografía: p.213-237
345 ## - Nota de información de adquisición
Fuente de adquisición/dirección de la suscripción [OBSOLETO] Donación
410 #1 - Series
Título Essentiels Larousse
606 ## - Término temático usado como materia
Elemento de entrada Sociología
Subdivisión temática Diccionarios
Número Koha 6825
702 ## - Nombre personal - Responsabilidad secundaria
Elemento de entrada Besnard
Parte del nombre distinta del elemento de entrada Philippe
Número Koha 6826
702 ## - Nombre personal - Responsabilidad secundaria
Elemento de entrada Boudon
Parte del nombre distinta del elemento de entrada Raymond
Fechas 1934-2013
Número Koha 6827
702 ## - Nombre personal - Responsabilidad secundaria
Elemento de entrada Cherkaoui
Parte del nombre distinta del elemento de entrada Mohamed
Número Koha 6828
801 #0 - Fuente de origen
Agencia cm
856 ## - Localización electrónica y acceso
Identificador Uniforme de Recurso https://unesdoc.unesco.org/ark:/48223/pf0000084081?1=null&queryId=cbca0591-ff8c-4733-84d4-38ce2aee445f
900 ## -
-- 1/1696
900 ## -
-- 7100213480\230702
942 ## - ELEMENTOS DE ENTRADA SECUNDARIOS (KOHA)
Tipo de ítem Koha Livre
996 ## -
-- MEX
-- 751145101
-- MMAG
-- 006010
-- 301.03 B756DI
-- 20220201LIV
Exemplaires
Estatus retirado Estado de daño Estado de pérdida Fecha de adquisición Biblioteca de origen Biblioteca actual Ubicación en estantería Código de barras Precio de reemplazo Signatura topográfica completa No para préstamo Tipo de ítem Koha Nota pública Nota no pública
      05/08/2025 Casa México Paris Casa México Paris   006010 05/08/2025 301.03 B756DI   Livre 20220201LIV 751145101